000 00875 a2200229 4500
999 _c11326
_d11326
020 _a9780323826730
050 _aQS17
_bHAN 2022
100 _aHansen, John T.
_eauthor
245 _aNetter's anatomy coloring book/
_cJohn T. Hansen
250 _aThird edition
264 _aPhiladelphia:
_bElsevier;
_c2022
300 _ax, no pagination:
_billustrations;
336 _2rdacontent
_atext
_btxt
337 _2rdamedia
_aunmediated
_bn
338 _2rdacarrier
_avolume
_bnc
504 _aInclude index
505 _aOrientation and introduction -- Skeletal system -- Muscular system -- Nervous system -- Cardiovascular system -- Lymphatic system -- Respiratory system -- Gastrointestinal system -- Urinary system -- Reproductive system -- Endocrine system
520 _a.
650 _aColoring books
650 _aAnatomy
942 _2lcc
_cBK
_eThird edition
_h17
_iHAN
_kQS